Анализ и разработка рекомендаций по методам уменьшения вибраций долот PDC с целью повышения износостойкости их вооружения; Проблемы геологии и освоения недр; Т. 2

Bibliografiske detaljer
Parent link:Проблемы геологии и освоения недр: труды XVII Международного симпозиума имени академика М. А. Усова студентов и молодых ученых, Томск, 1-5 апреля 2013 г./ Национальный исследовательский Томский политехнический университет (ТПУ), Институт природных ресурсов (ИПР) ; Общество инженеров-нефтяников, Студенческий чаптер ; под ред. А. Ю. Дмитриева.— , 2013
Т. 2.— 2013.— [С. 238-240]
Hovedforfatter: Поломошнов А. Л.
Institution som forfatter: Национальный исследовательский Томский политехнический университет (ТПУ) Институт природных ресурсов (ИПР) Кафедра бурения скважин (БС)
Andre forfattere: Борисов К. И. Константин Иванович (научный руководитель)
Summary:Заглавие с экрана
Sprog:russisk
Udgivet: 2013
Serier:Бурение нефтяных и газовых скважин
Fag:
Online adgang:http://www.lib.tpu.ru/fulltext/c/2013/C11/V2/106.pdf
Format: MixedMaterials Electronisk Book Chapter
KOHA link:https://koha.lib.tpu.ru/cgi-bin/koha/opac-detail.pl?biblionumber=605093

MARC

LEADER 00000naa2a2200000 4500
001 605093
005 20260220163210.0
035 |a (RuTPU)RU\TPU\conf\2378 
035 |a RU\TPU\conf\2377 
090 |a 605093 
100 |a 20140401d2013 k y0rusy50 ca 
101 0 |a rus 
102 |a RU 
135 |a arnn ---uucaa 
181 0 |a i  
182 0 |a b 
200 1 |a Анализ и разработка рекомендаций по методам уменьшения вибраций долот PDC с целью повышения износостойкости их вооружения  |f А. Л. Поломошнов  |g науч. рук. К. И. Борисов 
203 |a Текст  |c электронный 
225 1 |a Бурение нефтяных и газовых скважин 
300 |a Заглавие с экрана 
320 |a [Библиогр.: с. 240 (5 назв.)] 
337 |a Adobe Reader 
461 1 |0 (RuTPU)RU\TPU\conf\37  |t Проблемы геологии и освоения недр  |o труды XVII Международного симпозиума имени академика М. А. Усова студентов и молодых ученых, Томск, 1-5 апреля 2013 г.  |o в 2 т.  |f Национальный исследовательский Томский политехнический университет (ТПУ), Институт природных ресурсов (ИПР) ; Общество инженеров-нефтяников, Студенческий чаптер ; под ред. А. Ю. Дмитриева  |d 2013 
463 1 |0 (RuTPU)RU\TPU\conf\39  |t Т. 2  |v [С. 238-240]  |d 2013 
610 1 |a труды учёных ТПУ 
610 1 |a электронный ресурс 
610 1 |a рекомендации 
610 1 |a уменьшение 
610 1 |a вибрации 
610 1 |a долота 
610 1 |a износостойкость 
700 1 |a Поломошнов  |b А. Л. 
702 1 |a Борисов  |b К. И.  |c геолог  |c доцент Томского политехнического университета, кандидат технических наук  |f 1956-  |g Константин Иванович  |4 727 
712 0 2 |a Национальный исследовательский Томский политехнический университет (ТПУ)  |b Институт природных ресурсов (ИПР)  |b Кафедра бурения скважин (БС)  |3 (RuTPU)RU\TPU\col\18666 
801 2 |a RU  |b 63413507  |c 20230315  |g RCR 
856 4 |u http://www.lib.tpu.ru/fulltext/c/2013/C11/V2/106.pdf 
942 |c CF